000 01867cam a22005177a 4500
001 answers00meer
003 CaSfIA
005 20210117184520.0
007 cr||||
008 930201s1991 enkc 000 0 eng
040 _aUKM
_cUKM
_dOCLCG
_dCaSfIA
015 _aGB92-23933
020 _a0712653724 (pbk) :
_c£6.99
020 _a9780712653725 (pbk)
035 _a(OCoLC)27642202
082 0 0 _a100
_212a
082 0 4 _a299.93
_220
100 0 _aMeera,
_cMother,
_d1960-
245 1 0 _aAnswers.
_h[electronic resource]
260 _bRider,
_cc1991.
300 _a120 p., [8] p. of plates.
653 0 _aSpiritual renewal
856 4 1 _uhttp://www.archive.org/details/answers00meer
_zFree eBook from the Internet Archive
856 4 2 _uhttp://www.openlibrary.org/books/OL17223429M
_zAdditional information and access via Open Library
029 0 _aUKM
_bb9223933
029 1 _aUNITY
_b084671890
029 1 _aUKSFD
_b0712653724
029 1 _aWARCC
_b0712653724
029 1 _aWOLVL
_b0712653724
029 1 _aUKKCC
_b0712653724
029 1 _aUKESR
_b0712653724
029 1 _aUKHSF
_b0712653724
029 1 _aUKLMB
_b0712653724
029 1 _aUKWBK
_b0712653724
029 1 _aUKWIR
_b0712653724
029 1 _aGLOCC
_b0712653724
029 1 _aUKHCL
_b0712653724
029 1 _aLWM
_b0712653724
029 1 _aUKDGL
_b0712653724
029 1 _aUKWLT
_b171267
029 1 _aUKBDF
_b0712653724
999 _c469133
_d469133
942 _cEB
506 _fНеобхідна авторизація на https://archive.org/ (створення облікового запису безкоштовно)
506 _fНеобхідна авторизація на https://openlibrary.org/ (створення облікового запису безкоштовно)